Marketing hotela Mamas bakalárska práca

Salvato in:
Dettagli Bibliografici
Autore principale: Šusteková, Lívia
Ente Autore: Obchodná fakulta EU. Katedra cestovného ruchu
Altri autori: Dula, Radúz, 1979-
Natura: Libro
Lingua:slovacco
Pubblicazione: Bratislava 2024
Tags: Aggiungi Tag
Nessun Tag, puoi essere il primo ad aggiungerne!!

MARC

LEADER 00000nbm a2200000 4500
001 0302422
005 20250815091049.4
041 0 |a slo 
044 |a SK 
245 1 0 |a Marketing hotela Mamas  |b bakalárska práca  |c Lívia Šusteková ; školiteľ: Radúz Dula 
264 1 |a Bratislava  |c 2024 
300 |a 56 s. 
100 1 |a Šusteková, Lívia 
700 1 |a Dula, Radúz, 1979- 
710 2 |a Obchodná fakulta EU. Katedra cestovného ruchu